| 000 | 00367nam a2200145Ia 4500 | ||
|---|---|---|---|
| 008 | 230312s9999||||xx |||||||||||||| ||und|| | ||
| 020 | _a9781305878297 | ||
| 082 |
_a005.52 _bSER-M |
||
| 100 | _aSeries,Illustrated | ||
| 245 | 0 | _aMicrosoft Office 365 : Word 2016 | |
| 260 |
_bCengage _aUSA _c2017 |
||
| 300 | _a176 | ||
| 650 |
_aComputer _vMicrosoft Word |
||
| 942 | _cBK | ||
| 999 |
_c17418 _d17418 |
||